Zwycięzcy ligi europy - Nagła śmierć - Statystyki

Ogólne statystyki
  • Ten quiz został rozwiązany 78 razy
  • Średni wynik to 4 z 20
Answers on the Grid
Answers color-coded by a green-red scale on the quiz's grid according to % correct below.
Liverpool
Zenit
Eintracht Frankfurt
Slavia Praga
Borussia Dortmund
Anderlecht
Dynamo Kijów
Bayern
FC Porto
Fiorentina
Real Betis
Sporting
Ipswich Town
Napoli
Real Sociedad
Fenerbahce
IFK Goteborg
Besiktas
Tottenham
Schalke
FC Barcelona
FCSB
PSG
Como
Feyenoord
Borussia Monchengladbach
Hamburger SV
Real Madryt
Juventus
Galatasaray
Parma
Villarreal
Newcastle
Benfica
Chelsea
Olympique Lyon
AS Monaco
CSKA Moskwa
Legia Warszawa
Olympiakos
 
Statystyki odpowiedzi
Odpowiedź % Poprawnych
Eintracht Frankfurt
52%
Liverpool
48%
Chelsea
42%
Zenit
39%
FC Porto
33%
Tottenham
33%
Villarreal
30%
Real Madryt
18%
CSKA Moskwa
15%
Galatasaray
15%
Napoli
15%
Bayern
12%
Feyenoord
12%
Parma
12%
Borussia Monchengladbach
9%
Juventus
9%
Anderlecht
6%
IFK Goteborg
6%
Schalke
6%
Ipswich Town
3%
Nie znaleziono quizów pasujących do podanych kryteriów
Rozkład punktacji
Procent ludzi z każdym wynikiem
Percentyl według liczby udzielonych odpowiedzi
Twoja historia wyników
Nie rozwiązałeś tego quizu